[Event "Interzonal-15"]
[Site "Manila"]
[Date "1990.??.??"]
[Round "9"]
[White "Seirawan, Yasser"]
[Black "Popovic, Petar"]
[Result "1-0"]
[WhiteElo "2635"]
[BlackElo "2520"]
[Annotator "Stohl,I"]
[PlyCount "65"]
[EventDate "1990.06.29"]
[EventType "swiss"]
[EventRounds "13"]
[EventCountry "PHI"]
[SourceTitle "CBM 019"]
[Source "ChessBase"]
[SourceDate "1990.12.01"]
[SourceVersion "1"]
[SourceVersionDate "1990.12.01"]
[SourceQuality "1"]

1. d4 {Ftacnik} Nf6 2. c4 g6 3. Nc3 d5 4. cxd5 Nxd5 5. e4 Nxc3 6. bxc3 Bg7 7.
Bc4 c5 8. Ne2 Nc6 9. Be3 O-O 10. O-O Bg4 (10... cxd4) 11. f3 Na5 (11... Bd7 $5)
12. Bxf7+ (12. Bd3) (12. Bd5) 12... Rxf7 13. fxg4 Rxf1+ 14. Kxf1 (14. Qxf1 $2
Nc4 $22 15. Bf2 Nd2 $17) 14... cxd4 (14... Qd6 15. e5 (15. Kg1 $5 {Seirawan})
15... Qd5 $146) 15. cxd4 e5 {Ivanchuk} (15... Qb6 16. Kg1 Qe6 17. Qd3 $1 Qxg4
18. Rf1 $14 {Karpov-Kasparov,m Sevilla 1987}) 16. d5 (16. dxe5 Bxe5 17. Qxd8+
Rxd8 18. Rc1 Nc6 19. g3 Rd3 20. Bf4 Bd4 $1 $146 {Seirawan-H.Olafsson,Reykjavik
1990}) (16. Rc1 $5 Qd7 (16... exd4 17. Bxd4 Qf8+ 18. Kg1 Rd8 19. Qa4 Bxd4+ 20.
Nxd4 Qf4 21. Re1 Qxg4 22. Qxa5 Rxd4 23. Qc7 $1 Qd7 24. Qb8+ Kg7 25. Qxa7 Rd2
26. h3 $14 {A.Shneider-Alonso,Havanna 1990}) 17. dxe5 Qxd1+ 18. Rxd1 Nc4 19.
Bf2 Bxe5 20. Rd7 b6 21. h3 $5 (21. Bd4 Bxd4 22. Nxd4 Nd2+ $10 {
Schussler-Kudrin,St.Martin 1990}) 21... a6 (21... a5 $6 22. Rb7 $36) 22. Ke1
$14 {/\Sd4-f3}) 16... Nc4 17. Bf2 Qf6 18. Kg1 $8 Rf8 19. Qe1 (19. Bxa7 $2 b6
20. Qe1 Qf7 21. Rc1 Qxa7 22. Rxc4 b5+ $19) (19. Bc5 $5 Rc8 $1 $8 (19... Rf7 20.
Qa4 $16) 20. Bxa7 (20. Bf2 $6 Bh6 $36) 20... b6 21. Qb3 Bh6 (21... Qd6 22. Rc1
Qc7 23. Kh1 {/\d6}) 22. Rd1 $8 Qd6 $5 (22... Be3+ 23. Kh1 Qf7 24. d6 Qxa7 25.
d7 $18) 23. Kh1 $1 $8 (23. Qb5 Qa3 $1) 23... Bd2 24. Rb1 Be3 $146) 19... Bh6 {
/\Ld2-+} 20. Ng3 $8 (20. Bxa7 $2 b6 21. h4 Qe7 $1 22. g5 Bg7 23. Rc1 Qxa7 $19)
20... Qa6 (20... Qxf2+ {Ftacnik} 21. Qxf2 Be3 22. Qxe3 Nxe3 23. Rc1 $14) 21.
Kh1 $8 (21. h4 $2 Rxf2 $1 22. Kxf2 Qb6+ 23. Kf3 (23. Ke2 Qe3+) 23... Nd2+ 24.
Ke2 Qe3+ 25. Kd1 Qd3 $1 (25... Qd4 26. Ke2) 26. Qe2 Qd4 27. g5 Nxe4+ $19) (21.
Qe2 {Ftacnik} Rxf2 $1 22. Kxf2 Be3+ $17) 21... Qa4 (21... Nb2 22. Bg1 $8 (22.
Be3 Nd3 23. Qe2 Bxe3 24. Qxe3 Nf2+ 25. Kg1 Nxg4) 22... Nd3 23. Qc3 Nf2+ 24.
Bxf2 Rxf2 25. Rd1 $16) (21... Nd6 22. Bc5 $1 Bf4 (22... Rc8 23. Qb4 Bf8 24. h3
$16) 23. Bxd6 (23. Ne2 Bd2 $1) 23... Qxd6 24. Ne2 $16) (21... b6 $5 22. Bg1 (
22. a4 $5 Nb2 $5) 22... Bf4 $13 (22... Nd6 $6 23. Qb4 $1)) 22. Bg1 $1 {N} (22.
Qe2 b6 23. h4 (23. Bg1 Nd6 24. Re1 Bf4 $36 {><e4,<->c}) 23... Bf4 24. Nf1 Nd6
25. Re1 Rc8 26. g3 Rc2 27. Qf3 Qxa2 $15 {Kir.Georgiev-Ivanchuk,Reggio Emilia
1990}) 22... b6 (22... Rc8 $5 23. Qc3 $5 (23. h4 Bf4 24. Ne2 (24. Nf1 Nd6 25.
g3 Bh6 26. g5 Bf8 {><e4}) 24... Bd2 25. Qd1 (25. Qg3 Qc2 $36) 25... Qd7 $146)
23... Bf4 (23... Nd6 $2 24. Qxe5 Bg7 25. Qxd6 Bxa1 26. Qe6+ $18) 24. Qb3 Qa6 (
24... Qxb3 $5 25. axb3 Nd2 $132) 25. Ne2 Bg5 $13 (25... Nd2 $6 26. Qd1 Nxe4 27.
Nxf4 exf4 28. Qf3 $40)) 23. Qc3 $5 (23. h4 Bd2 24. Qd1 Qxd1 25. Rxd1 Bf4 26.
Ne2 Nd6 27. g3 Bh6 28. g5 Bg7 29. Nc3 Rc8 $146) 23... Rf7 $5 {/\Sd6} (23... Bf4
24. Ne2 Bd2 25. Qd3 $16) (23... Rc8 24. Ne2 $5 $14) (23... Nd6 {Ftacnik} 24.
Qxe5 Bg7 25. Qe6+) 24. Rb1 $1 Bd2 (24... Qxa2 $2 25. Rb4 $16 {/\De5}) (24...
Nd6 $5 25. Qxe5 Bf4 26. Qc3 $1 (26. Qe6 Bxg3 27. hxg3 Qxe4 28. Re1 (28. Qxd6 $5
Qxb1 29. Kh2 Qc1 $10) 28... Qxe6 29. dxe6 Re7 30. Bd4 Ne8 {/\Sc7}) (26. Qd4
Qxd4 27. Bxd4 Bxg3 28. hxg3 Nxe4 29. Re1 Nd6 (29... Re7 $2 30. d6 $1) 30. Re6
Rd7 $10) 26... Nxe4 (26... Bxg3 27. Qxg3 Qxe4 (27... Nxe4 28. Qe5 $16) 28. Rd1
$16) 27. Nxe4 Qxe4 28. Rd1 $14) (24... Nd2 $5 {Ftacnik} 25. Re1 (25. Rb4 Qd1
26. Qxe5 Be3 27. Qe8+ $10)) 25. Qd3 (25. Qb3 Qxb3 26. axb3 Nd6 $146) 25... Qxa2
$2 (25... Bf4 $1 26. Ne2 Nd6 (26... Qxa2 27. Nc3 Qa6 28. Rb4) 27. Nc3 Qc4 $5 (
27... Qa3 28. Rb3 Qc1 29. Nb5 $16) 28. Qxc4 Nxc4 $132 {/\Ld2}) (25... Bh6 {
Ftacnik} 26. Ne2 Nd2 27. Nc3 Qc4 28. Qxc4 Nxc4 $14) 26. d6 Nxd6 $8 (26... Rd7
$6 27. Qd5+ Kf8 $5 (27... Kg7 28. Rf1 Bf4 (28... Qa4 29. Qe6 Rxd6 30. Qe7+ Kh6
31. g5+ $1) 29. Rxf4 $1 exf4 30. Nf5+ $3 (30. Bd4+ Kf8 (30... Kh6 {Ftacnik} 31.
g5#) 31. Qa8+ Kf7) 30... gxf5 (30... Kf8 31. Nh6 $1 Kg7 32. g5 $1 $18) 31. Bd4+
Kf8 32. Qxf5+ Kg8 33. Qg5+ $1 $18 {/\Df6-h8-g7-f6(g8)}) 28. Rf1+ Bf4 29. Nh5 $1
(29. Be3 $2 Qxg2+ $1) 29... gxh5 (29... Qe2 30. Nxf4 Qxf1 31. Ne6+ Ke8 (31...
Kg8 32. Nc5+ Rf7 33. d7 $18) 32. Qa8+ Kf7 33. Qf8+ $18) (29... Rxd6 30. Qa8+
Ke7 31. Nxf4 exf4 32. Rxf4 $40) 30. Rxf4+ exf4 31. Qf5+ Rf7 (31... Ke8 32. Qe6+
Kf8 33. Qxd7 $18) 32. Qc8+ Kg7 33. Bd4+ Kg6 34. Qe6+ Kg5 35. Qxf7 Qb1+ 36. Bg1
Nxd6 37. Qe7+ $18) 27. Qxd6 Qxb1 28. Qxd2 $14 {><e5,>>} a5 $2 (28... Qb5 {/\Dd7
} 29. Qd6 Qe8 (29... a5 30. h4 $1 a4 31. h5 $40) 30. Ne2 Rd7 31. Qc6 $36 {
/\Sc3-d5}) (28... Qb5 $5 $14 {Ftacnik}) 29. Qd8+ Kg7 30. Qg5 $1 $18 h6 (30...
Qb2 31. Nf5+ Kg8 32. Nh6+) 31. Qxe5+ Kh7 32. h3 {/\Kh2,Ld4} Rd7 $6 (32... Qd3 {
Ftacnik} 33. Kh2 Rd7 34. Qf4 {/\ e5, Ne4+-}) 33. Nh5 $1 (33. Nh5 gxh5 34. Qf5+)
1-0

[Event "EU-Cup 19th"]
[Site "Rethymno"]
[Date "2003.10.01"]
[Round "4.1"]
[White "Van Wely, Loek"]
[Black "Sutovsky, Emil"]
[Result "0-1"]
[WhiteElo "2661"]
[BlackElo "2639"]
[Annotator "Sutovsky,E"]
[PlyCount "56"]
[EventDate "2003.09.28"]
[EventType "team-swiss"]
[EventRounds "7"]
[EventCountry "GRE"]
[SourceTitle "CBM 098"]
[Source "ChessBase"]
[SourceDate "2004.02.03"]
[SourceVersion "1"]
[SourceVersionDate "2004.02.03"]
[SourceQuality "1"]
[WhiteTeam "Clichy Echecs 92"]
[BlackTeam "Lipovec"]
[WhiteTeamCountry "FRA"]
[BlackTeamCountry "SVK"]

1. d4 {Krasenkow,M} Nf6 2. c4 g6 3. Nc3 d5 4. cxd5 Nxd5 5. e4 Nxc3 6. bxc3 Bg7
7. Bc4 {A bit unexpected. Loek tried 7.Be3 against me in a couple of our
previous encounters, but this time he opts for a more fashionable line.} c5 8.
Ne2 Nc6 9. Be3 O-O 10. O-O Bg4 {I was ready for the theoretical dispute,
though the more solid 10...Bd7 (favoured among others by Svidler) is pretty
playable, of course.} 11. f3 Na5 12. Bxf7+ {Seville variation! Van Wely
deviates from the 12.Bd3 line, which became topical recently. I didn't expect
that from Loek, but luckily, I was prepared for it ''in general''!} Rxf7 13.
fxg4 Rxf1+ 14. Kxf1 Qd7 $5 {A pretty rare move. 14...cxd4 15.cxd4 e5 is to be
considered the main line, but I had my own ideas. Krasenkow,M: 'An old but
quite solid line.'} (14... cxd4 {Krasenkow,M} 15. cxd4 e5 {is more popular
nowadays.}) 15. h3 {Krasenkow,M: 'This modest move gives Black sufficient
counterplay.'} (15. g5 {(Krasenkow,M) is more straightforward to restrict the
black bishop.} Nc4 (15... Rd8 16. Kg1 e6 17. Rb1 Nc4 18. Bf2 b5 19. Qd3 a6 20.
h4 (20. a4 $6 Ne5 $13 {1/2-1/2 Gligoric,S-Popovic,P/Jugoslavija 1988/Inf 46 
(39)}) 20... Ne5 21. Qh3 $16 {S.Gligoric}) (15... Qe6 16. e5 Qc4 17. Kg1 Rd8
18. Qe1 Nc6 19. Bf2 $13 {Karpov,A-Gavrikov,V/Gijon 1988/Inf 46 (19)}) 16. Bf2
e5 $5 17. dxc5 Rd8 (17... Nd2+ 18. Kg1 $5) 18. Qxd7 Rxd7 19. Ke1 Nb2 20. Nc1
Na4 21. Nb3 Nxc3 22. Rc1 Nxa2 23. c6 $1 bxc6 24. Rxc6 Bf8 $11 {1-0 Jussupow,
A-Van Wely,L/Germany 1998/CBM 65/[Van Wely] (52)}) (15. dxc5 $5 {Krasenkow,M}
Rf8+ 16. Kg1 Qxg4 17. Nf4 Qxd1+ 18. Rxd1 Bxc3 19. Nd5 Bf6 20. Bh6 Re8 21. Nxf6+
exf6 22. Rd7 Rxe4 23. Rg7+ Kh8 24. Rc7 (24. Rf7 Re8) 24... Kg8 25. Rg7+ (25.
Bd2 Nc6 26. Rxb7 Re7 $11 {Gurevich,M}) 25... Kh8 $11 {Chernin,A-Gavrikov,V/
Lvov 1987/Inf 44 (25)}) 15... Nc4 (15... Qe6 {(Krasenkow,M) is quite
appropriate, perhaps more accurate than the text move:} 16. e5 (16. Qd3 Qc4 $1
{the point behind 15...Qe6!} 17. Qxc4+ Nxc4 18. Bg5 cxd4 19. Nxd4 (19. cxd4 e5
$5 20. Rc1 Nd6 $1) 19... Kf7 (19... h6 $1 $15) 20. Ke2 Bxd4 21. cxd4 b5 22. Kd3
$14 {1-0 Marta,D-Piancatelli,M/ITA 1998/EXT 2001 (53)}) 16... Nc4 17. Bf2 (17.
Qd3 Rd8 18. Nf4 Qf7 19. e6 Nxe3+ 20. Qxe3 Qf6 $17 {0-1 Fonseca,I-Moyses,Z/
Imperatriz BRA 2003/The Week in Chess 454 (27)}) (17. Bg1 Rf8+ {0-1 Hall,
C-Mamedov,R/Tallinn 1997/EXT 98 (17)}) 17... Bh6 18. Kg1 Rf8 19. Bg3 (19. Qd3
Qd5 20. Re1 Nxe5 21. Qb5 a6 22. Qxc5 Qxc5 23. dxc5 Nd3 24. Rf1 Nxf2 {0-1
Theile,C-Thimm,T/Giessen 1996/EXT 98 (24)}) 19... Be3+ 20. Kh1 Nd2 21. Qa4 a6
22. dxc5 Bxc5 23. Nd4 Qd5 $36 {1/2-1/2 Kalinkin,B-Padalkin,I/Kiev 2002/EXT
2003 (38)}) (15... Rd8 $5 {Krasenkow,M}) (15... Rf8+ {Krasenkow,M}) 16. Bf2 ({
Also after} 16. Qd3 $5 {'>=' Krasenkow,M.} b5 $44 {black has a decent
compensation.} (16... Ne5 $5 {Krasenkow,M} 17. Qc2 Nc4) 17. Bf2 {Krasenkow,M}
Rf8 18. Kg1 Bh6 19. Bh4 $1 Be3+ 20. Kh1 cxd4 (20... e6 $6 {Razuvaev,
Y-Krasenkow,M/Moskva 1991/Inf 51 (20)} 21. d5 $1 $16 {[%csl Re3]}) 21. cxd4 e6
$13) (16. Qb3 {Krasenkow,M} b5 17. Bf2 cxd4 18. cxd4 Rf8 19. Kg1 $4 Rxf2 {
0-1 Tabak,F-Pierrot,J/Ostende 2002/CBM 87 ext (19)}) 16... cxd4 (16... Qe6 {
(Krasenkow,M) is a bit too late now as White can play} 17. Qd3 {. Still, Black
maintains sufficient counterchances, e.g.} Rc8 18. Kg1 cxd4 19. cxd4 b5 20. Rb1
a6 21. Bh4 Rd8 22. d5 Qb6+ 23. Kh1 Qd6 24. Rf1 Rf8 {1/2-1/2 Raisa,U-Salokangas,
H/Finland 1998/EXT 2002 (24)}) (16... Qc6 {(Krasenkow,M) is apparently less
appropriate:} 17. Qd3 Nb2 18. Qc2 Nc4 19. Kg1 Rf8 20. g5 h6 21. Ng3 hxg5 22.
Qe2 b5 23. e5 Rf4 24. Re1 $14 {1-0 Graf,A-Tseshkovsky,V/Novgorod 1995/EXT 2000
(34)}) 17. cxd4 e5 (17... Rf8 {(Krasenkow,M) is possible, too:} 18. Kg1 e5 (
18... Bh6 19. Qb3 b5 20. a4 a6 21. axb5 axb5 22. Nc3 Rxf2 {0-1 Tatarliev,
G-Mont Reynaud,J/Duisburg 1992/TD (36) doesn't work in view of} 23. Nxb5 $1 Rc2
24. Rb1 $1 Be3+ 25. Kh1 $16) 19. d5 Qf7 20. Qe1 Bh6 21. Ng3 b6 22. Rb1 Nd6 23.
Rb3 Rc8 24. Rc3 Qd7 25. Be3 Rxc3 26. Qxc3 Bxe3+ 27. Qxe3 Kf8 28. Qc3 Nf7 29.
Kf2 Qa4 {1/2-1/2 Rozenberg,D-Glazman,M/Isr. CC Final 2000/ICCF Telchess CBM 96
(45) Black's queenside counterplay proved sufficient for the draw.}) 18. dxe5
$2 {A serious mistake! Curiously, this bad move was played many years ago by
one of the great experts of the Seville variation, GM Jussupow! White had to
consolidate with  Krasenkow,M: 'Now White gets into trouble.'} (18. Qd3 $1 Rc8
(18... b5 19. a4) 19. Kg1 $13 {Although, I felt, black active pieces ensure me
a very good compensation, white's chances shouldn't be underestimated either.})
(18. d5 {Krasenkow,M} Bh6 $44) 18... Nd2+ $1 19. Ke1 (19. Kg1 Bxe5 20. Rc1 Bb2
$17 {as correctly pointed out by Jussupow in informator 48/624.}) 19... Bh6 $1
$146 {A powerful novelty, originally recommended by Jussupow himself, however,
he wrongly evaluated the resulting lines as unclear! In fact, black is almost
winning here! In the game Jussupow-Popovic, Belgrade, 1989 black played} (19...
Bxe5 $2 {and after} 20. Rc1 {white got a serious advantage.}) 20. Nd4 (20. Qc2
Rf8 $1 {Bh6-e3 is a very dangerous threat now.} (20... Rc8 $6 21. Qb2 {given
by Jussupow is not so clear.}) 21. Qc5 $8 Nxe4 $1 22. Qc4+ Kh8 23. Qxe4 Qd2+
24. Kf1 Be3 25. Qf3 Rxf3 26. gxf3 b5 $19) 20... Rf8 21. Qe2 (21. Nf3 {loses on
the spot:} Rxf3 $1 22. gxf3 Qd3 23. Qe2 Nxf3+ 24. Kf1 Nh2+ $1 25. Ke1 Qc3+ $19)
(21. e6 Qc7 $1 22. Qc2 Qe5 23. e7 Qxe7 24. Nf3 Nxf3+ 25. gxf3 Rxf3 $19) 21...
Qc7 $1 {All my pieces are targeting the white king, and now the queen joins it
to decide the outcome of the game!} 22. Qd3 (22. Rd1 Qc3 23. Nb5 Qa5 $1 $19)
22... Qxe5 (22... Qa5 23. Ke2 Nxe4 24. Nf3 {not that convincing}) 23. Rd1 Qa5
$1 (23... Nxe4 $2 24. Qc4+ Rf7 25. Nf3 $13) 24. Ke2 $6 (24. Qb5 $8 {would be
the better try, though after} Qxb5 25. Nxb5 Nxe4 26. Bh4 (26. Bxa7 Ng3 $1 $19)
26... g5 $1 {white got to find the long chain of only moves in order not to
lose immediately:} 27. Rd4 $8 Re8 28. Nc7 $1 Bg7 $1 29. Rd7 $1 Re5 30. Rd8+ Kf7
31. Bf2 Ke7 $1 32. Rd3 Nc5+ 33. Re3 Nd3+ 34. Kf1 Nxf2 35. Kxf2 Kd7 36. Rf3 Kxc7
37. Rf7+ Kc6 38. Rxg7 Ra5 {this looks like a winning position for black,
though, some technique is required of course.}) 24... Qxa2 25. Nc2 Qf7 (25...
Nb1 $1 $19 {with a winning threat of Nb1-a3!!, white can't do anything.} 26.
Kf1 Na3 $1) 26. Bh4 (26. Qd5 {couldn't change anything:} Nxe4 $1 27. Qxf7+ Kxf7
$1 (27... Rxf7 $2 28. Rd8+ Rf8 29. Rxf8+ Bxf8 30. Bxa7) 28. Bd4 Rc8 29. Kd3
Nc5+ $19) 26... Nxe4 $1 {The final combination, using the geometrical motive
is pretty simple, but cute.} 27. Qxe4 Re8 28. Rd8 Qc4+ $1 0-1

[Event "EU-Cup 14th final"]
[Site "Belgrade"]
[Date "1999.01.13"]
[Round "3"]
[White "Van Wely, Loek"]
[Black "Shirov, Alexei"]
[Result "1/2-1/2"]
[WhiteElo "2635"]
[BlackElo "2720"]
[Annotator "Van Wely/Cifuentes"]
[PlyCount "89"]
[EventDate "1999.01.11"]
[EventType "team-k.o."]
[EventRounds "3"]
[EventCountry "YUG"]
[SourceTitle "EXT 2020"]
[Source "ChessBase"]
[SourceDate "2019.10.17"]
[SourceVersion "1"]
[SourceVersionDate "2019.10.17"]
[SourceQuality "1"]
[WhiteTeam "Breda Panfox"]
[BlackTeam "Warszawa Polonia"]
[WhiteTeamCountry "NED"]
[BlackTeamCountry "POL"]

1. d4 {Hecht. Ftacnik} Nf6 2. c4 g6 3. Nc3 d5 4. cxd5 Nxd5 5. e4 Nxc3 6. bxc3
Bg7 7. Bc4 c5 8. Ne2 Nc6 9. Be3 O-O 10. O-O Bg4 11. f3 Na5 12. Bxf7+ Rxf7 13.
fxg4 Rxf1+ 14. Kxf1 cxd4 15. cxd4 e5 16. d5 Nc4 17. Qd3 Nxe3+ (17... b5 {
Ftacnik} 18. g5 (18. Ng1 Bf8 19. Nf3 Bd6 20. Bf2 Qa5 21. Kg1 Rc8 22. Ng5 Qd2
23. Qxd2 Nxd2 24. Be3 Nc4 25. Bxa7 Ra8 26. Bf2 b4 {0-1 Tyomkin,D-Liss,E/Ramat
Aviv 1998/ (32)}) 18... Bf8 19. Ng1 a6 (19... Nxe3+ 20. Qxe3 Qb6 $5 21. Qc3 b4
22. Qc4 (22. Qc6 Qxc6 23. dxc6 Rc8 24. Rc1 Kf7 25. Nf3 Ke6 {~}) 22... Bd6 (
22... Qe3 23. Qc6 $1 {+/-}) 23. Ke2 $6 a5 24. Nh3 a4 {0-1 Van Wely,L-Nijboer,F/
Rotterdam/1998/ (39)}) 20. Nf3 Bd6 21. Re1 Rc8 22. Re2 Nxe3+ 23. Qxe3 Qc7 24.
Qb3 Qc1+ 25. Re1 Qc4+ 26. Re2 a5 {0-1 Van Tilbury,C-Zadrima,A/Moscow 1994/ (41)
}) 18. Qxe3 Qh4 19. h3 (19. Qg3 {Ftacnik} Rf8+ 20. Kg1 Qxg3 21. Nxg3 Bh6 22.
Rf1 Be3+ 23. Kh1 Rc8 24. h4 Rc2 25. Rf3 Bc5 26. h5 Rxa2 {0-1 Tuchtfeld,
J-Stephan,A/OLNN/1993/ (42)} 27. hxg6 hxg6 28. Rf6 Kg7 29. Re6 Kf7 30. Kh2 Bd4
{0-1 Tuchtfeld,J-Stephan,A/OLNN/1993/ (42)}) 19... Bh6 (19... b6 {Ftacnik} 20.
Kg1 Bf8 21. Kh1 Bc5 22. Qd3 Qf6 23. Ng1 Qf2 24. Nf3 Bd6 25. Qa6 Rf8 26. Ng5 Qe3
27. Ne6 {Nenashev,A-Conquest,S/Groningen op 1997 (36)}) 20. Qd3 Rf8+ 21. Kg1
Qf2+ 22. Kh1 Qe3 23. Qc4 $5 {N Ftacnik: 'The new hot item in the Gruenfeld
with 12.Bxf7+. Black is quick with counterplay, but white has a spare pawn and
the protected d5 asset.'} (23. Qxe3 Bxe3 24. Rd1 Rf2 25. Ng1 Kf7 $1 (25... Rxa2
26. Nf3 Ra4 27. d6 Bb6 28. d7 Bd8 29. Rb1 {=}) 26. Rd3 Bb6 (26... Bd4 $1 27.
Nf3 Rxa2 28. Nxd4 exd4 29. Rxd4 Ke7 {=+}) 27. Rf3+ Ke7 28. Rxf2 Bxf2 29. Nf3
Kd6 {Ftacnik: '1/2-1/2 Kramnik,V-Shirov,A/Cazorla/1998/ (34)'} 30. g3 Bxg3 31.
Kg2 Bf4 32. Kf2 Kc5 33. Ke2 b5 34. Kd3 {1/2-1/2 Kramnik,V-Shirov,A/Cazorla
1998/ CBM 65 (34)}) 23... b5 {'!' Ftacnik.} 24. Qxb5 Rf2 (24... Qxe4 25. Ng3
Qf4 (25... Qd4 26. Rb1 Rd8 27. Qe2 (27. Qb3) 27... Qxd5 28. Ne4) (25... Qe3 26.
Qb3)) 25. Qe8+ Rf8 (25... Bf8 26. d6 (26. Qe6+ Kh8 27. d6 Rxg2 (27... Qxe4 28.
Rg1 Bxd6 29. Qxd6 Qxe2 30. Qb8+ Kg7 31. Qxa7+ Rf7)) 26... Rxe2 (26... Rxg2) 27.
d7 Qxe4 28. Rg1 Re3) 26. Qe6+ Kh8 27. g5 (27. Ng1 {Ftacnik} Qxe4 28. d6 Rf2 29.
Qe8+ Bf8 30. Nf3 Rxf3 31. gxf3 Qxf3+ {=}) (27. Qxe5+ $2 {Ftacnik} Bg7 28. Qe7
Qxe2 {-/+}) 27... Bxg5 (27... Qxg5 {Ftacnik} 28. d6 Rf2 29. Qe8+ Kg7 30. g3 Qf6
31. Qd7+ Kh8 32. Ng1 {=}) 28. Qxe5+ Bf6 29. Qd6 Bg7 30. Ng1 (30. Ng3 h5 (30...
h5 {Ftacnik} 31. Rd1 Kh7 {~})) 30... Qxe4 31. Rc1 (31. Rd1 Qc2 32. Re1 Qxa2)
31... h5 32. Qe6 Be5 {'!' Ftacnik. Ftacnik: 'Shirov is cleverly toying with
the attacking chances against white king.'} 33. Rc5 (33. Rc6 Kg7 34. Rc7+ Kh6
35. Qe7 Rf2 36. Qh7+ Kg5 37. Qe7+ {=}) (33. Nf3 {Ftacnik} Rxf3 34. Qc8+ (34.
Rc8+ $2 Kg7 35. gxf3 Qxf3+ 36. Kg1 Bd4+ 37. Kh2 Qf2+ 38. Kh1 Qg1#) 34... Kh7
35. gxf3 Qxf3+ {~}) (33. Qe7 $2 {Ftacnik} Qf4 {-+}) 33... Qe3 (33... Rf2 34.
Rc8+ Kg7 35. Qe7+ Kh6 (35... Rf7 36. Qe8) 36. Rh8+) (33... Kh7 34. d6 Rf2 35.
Qd5 {+-}) (33... Qf4 {Ftacnik} 34. Nf3 Bd6 35. Rc6 {+/-}) 34. Rc8 (34. Qe7 Qf4
35. Nf3 Bd6) (34. Qxg6 Qxc5 35. Qxh5+ Kg8 36. Qxe5 Rf1 {=+}) 34... Rxc8 35.
Qxc8+ Kg7 36. Nf3 Bf4 37. Qc2 (37. Qd7+ {Ftacnik} Kh6 (37... Kf8 38. Qc6 g5 39.
Qf6+ Ke8 {+=}) 38. Qc6 h4 39. d6 Qd3 {+=}) 37... g5 {'!' Ftacnik. Ftacnik:
'The worst for black is over, white must defend his own monarch against direct
assault.'} 38. Qd1 (38. Qc6 {Ftacnik} Qe2 {~}) 38... g4 39. hxg4 hxg4 40. Nh2 (
40. Nh4 $6 {Ftacnik} Kf6 41. Qb1 Kg5 42. Ng6 Bd6 {-/+}) 40... g3 41. Nf3 (41.
Ng4 {Ftacnik} Qe7 42. Kg1 {=} (42. Qd4+ $2 Kg6 {-+})) 41... Bd6 42. Qd4+ Qxd4
43. Nxd4 Kf6 {Hecht: '# Hat Wei� Probleme durch den eingeklemmten K�nig?
Nein, er benutzt gerade diese Position, um auf der Stelle eine theoretische
Remisstellung zu erreichen. '} 44. Nb5 (44. Nf3 {Ftacnik} Bc5 {=}) 44... Bc5
45. Nxa7 {Hecht: 'Sie d�rfen nun getrost alle wei�en Steine au�er dem
Bg2 entfernen und den wei�en K�nig sogar nach f1 stellen. Die Stellung ist
und bleibt remis. '} (45. Nxa7 {Ftacnik} Bxa7 46. a4 Ke5 47. d6 Kxd6 48. a5 Kc6
49. a6 Kb6 50. Kg1 Kxa6+ 51. Kh1 {=}) 1/2-1/2